000 00896nam a22002777a 4500
001 3591
003 FISKH
005 20241212092543.0
008 240321b cb ||||| |||| 00| 0 eng d
020 _a9780516445410
040 _aFISKH
_beng
_cFISKH
_dFISKH
050 _aML3930.M9
082 _a780.92
100 _aVenezia , Mike
245 _aWolfgang Amadeus Mozart /
_cby Mike Venezia
260 _aChicago :
_bChildren's Press ,
_c1995
300 _a32 pages :
_bcolor illustrations ;
_c25 cm .
490 _a Getting to Know the World's Greatest Composers
505 _aZ
520 _aA biography of the child prodigy who wrote more than 800 pieces of music before his untimely death at thirty-five.
521 8 _a1040
_bLexile
521 8 _aZ
_bRaz-Plus
650 _amozart
_vjuvenile fiction
700 _aVenezia , Mike
_eillustrator
942 _2ddc
_cBK
_n0
999 _c3591
_d3591